000
00192 a2200097 4500
001
22532
100
_a
Keenam, J H
245
_a
Gas Tables
260
_a
_b
Wiley
_c
1965
090
_c
15201
_d
15201
942
_a
NUST-CAE
_c
M
_c
5783
999
_c
257605
_d
257605